| 000 | 00969 a2200253 4500 | ||
|---|---|---|---|
| 005 | 20081013150556.0 | ||
| 008 | 081013t xxu||||| |||| 00| 0 eng d | ||
| 010 | _aENG-91291 | ||
| 020 | _c225.00 | ||
| 035 | _aEN-74824 | ||
| 037 | _bDBAD / PUB | ||
| 040 |
_adpl _bEnglish |
||
| 082 | _a574 | ||
| 100 | _aNair, P.K.G. | ||
| 245 |
_aRemedial biology: _cby P.K.G. Nair, K.P. Achar [and] S.G. Prabhu _bfor first year B.Pharmacy Jawaharlal Nehru Technological University, Hyderabad) |
||
| 260 |
_aNew Delhi _bHimalaya Publishing House _c2008 |
||
| 270 |
_aPooja Apartments, 4-=B, Murari Lal Street, Ansari Raod, Daryaganj, _bNew Delhi _e110002 |
||
| 300 |
_a368 p.; _c22 cm ( pbk.) _bill. |
||
| 650 | _aBiology | ||
| 700 | _aAchar, K.P. | ||
| 700 | _aPrabhu, S.G. | ||
| 942 |
_adpl _cEN _2ddc _mNAI _h574 |
||
| 999 |
_c16608 _d16608 |
||